Zupa na literę „k”. - Statystyki

Ogólne statystyki
  • Ten quiz został rozwiązany 123 razy
  • Średni wynik to 4 z 6
Statystyki odpowiedzi
Hint Odpowiedź % Poprawnych
1. Krupnik
95%
4. Kalafiorowa
79%
2. Kapuśniak
79%
5. Koperkowa
45%
3. Kwaśnica
37%
6. Kartoflana
19%
Nie znaleziono quizów pasujących do podanych kryteriów
Rozkład punktacji
Procent ludzi z każdym wynikiem
Percentyl według liczby udzielonych odpowiedzi
Twoja historia wyników
Nie rozwiązałeś tego quizu